[Event "HUN-chT Youth 2019"]
[Site "Budapest"]
[Date "2019.10.27"]
[Round "2.11"]
[White "Karacsonyi, Luca"]
[Black "Molnar, Dalma Reka"]
[Result "1-0"]
[WhiteElo "1556"]
[BlackElo "1088"]
[Annotator "NA RC"]
[PlyCount "81"]
[EventDate "2019.10.26"]
[EventType "team-tourn"]
[EventCountry "HUN"]
[SourceTitle "playchess.com"]
[Source "ChessBase"]
[SourceQuality "1"]
[TimeControl "5400+30"]

1. e4 {[%emt 0:00:00]} e5 {[%emt 0:00:00]} 2. Nf3 {[%emt 0:00:00]} Nc6 {[%emt 0:00:00]} 3. Bc4 {[%emt 0:00:00]} Nf6 {[%emt 0:00:08]} 4. d3 {[%emt 0:00:00]} Be7 {[%emt 0:00:54]} 5. c3 {[%emt 0:00:11]} O-O {[%emt 0:00:11]} 6. Bb3 {[%emt 0:00:10]} d6 {[%emt 0:01:06]} 7. Nbd2 {[%emt 0:00:28]} Be6 {[%emt 0:01:16]} 8. Bc2 {[%emt 0:00:11]} d5 {[%emt 0:01:23]} 9. Qe2 {[%emt 0:06:43]} dxe4 {[%emt 0:02:34]} 10. Nxe4 {[%emt 0:03:42]} Nxe4 {[%emt 0:01:03]} 11. dxe4 {[%emt 0:03:56]} Bd6 {[%emt 0:01:45]} 12. O-O {[%emt 0:00:26]} Qe7 {[%emt 0:00:15]} 13. Be3 {[%emt 0:01:33]} f5 {[%emt 0:01:38]} 14. Bg5 {[%emt 0:04:03]} Qe8 {[%emt 0:01:29]} 15. exf5 {[%emt 0:03:15]} Bxf5 {[%emt 0:00:16]} 16. Qc4+ {[%emt 0:00:58]} Kh8 {[%emt 0:01:11]} 17. Bxf5 {[%emt 0:02:04]} Rxf5 {[%emt 0:00:20]} 18. Rfe1 {[%emt 0:01:50]} Qh5 {[%emt 0:01:56]} 19. Qh4 {[%emt 0:01:25]} Qf7 {[%emt 0:00:21]} 20. Rad1 {[%emt 0:06:15]} Re8 {[%emt 0:02:04]} 21. Qe4 {[%emt 0:03:04]} Re6 {[%emt 0:02:55]} 22. Be3 {[%emt 0:11:37]} Be7 {[%emt 0:02:43]} 23. Rd7 {[%emt 0:03:22]} Qh5 {[%emt 0:02:03]} 24. Rxc7 {[%emt 0:07:57]} Rg6 {[%emt 0:02:14]} 25. Kh1 {[%emt 0:02:57]} Rg4 {[%emt 0:07:07]} 26. Qd5 {[%emt 0:02:50]} h6 {[%emt 0:02:33]} 27. Qd1 {[%emt 0:05:21]} e4 {[%emt 0:03:31]} 28. Nd4 {[%emt 0:00:44]} Rf6 {[%emt 0:02:32]} 29. Nxc6 {[%emt 0:04:06]} bxc6 {[%emt 0:03:38]} 30. Rxe7 {[%emt 0:00:38]} Qg6 {[%emt 0:02:11]} 31. Rg1 {[%emt 0:01:24]} Rf5 {[%emt 0:01:21]} 32. Qd8+ {[%emt 0:01:04]} Kh7 {[%emt 0:00:17]} 33. Re8 {[%emt 0:00:56]} Qh5 {[%emt 0:01:00]} 34. Rh8+ {[%emt 0:00:14]} Kg6 {[%emt 0:00:13]} 35. Qe8+ {[%emt 0:01:20]} Kf6 {[%emt 0:01:35]} 36. Rf8+ {[%emt 0:00:32]} Qf7 {[%emt 0:00:50]} 37. Qxf7+ {[%emt 0:00:20]} Ke5 {[%emt 0:00:14]} 38. Qxf5+ {[%emt 0:00:09]} Kd6 {[%emt 0:00:32]} 39. Rd8+ {[%emt 0:00:03]} Ke7 {[%emt 0:00:42]} 40. Rd7+ {[%emt 0:00:17]} Ke8 {[%emt 0:00:13]} 41. Qf7# {[%emt 0:00:10]} 1-0

[Event "HUN-chT Youth 2019"]
[Site "Budapest"]
[Date "2019.10.27"]
[Round "2.13"]
[White "Krstulovic, Alex"]
[Black "Geher, Koppany"]
[Result "1-0"]
[WhiteElo "2324"]
[BlackElo "2256"]
[Annotator "TA"]
[PlyCount "65"]
[EventDate "2019.10.26"]
[EventType "team-tourn"]
[EventCountry "HUN"]
[SourceTitle "playchess.com"]
[Source "ChessBase"]
[SourceQuality "1"]

{[%evp 10,65,20,25,31,25,7,8,14,10,22,10,8,6,4,6,13,12,63,51,87,73,111,43,108,78,117,119,133,130,134,124,139,145,165,173,257,219,335,331,324,348,387,288,303,272,320,290,627,630,636,578,718,712,708,644,1742,1720]} 1. d4 Nf6 2. c4 g6 3. Nc3 d5 4. Bf4 Bg7 5. e3 O-O 6. Rc1 Be6 {D83: Grünfeld: 4 Bf4 Bg7 5 e3 0-0} 7. c5 c6 8. Bd3 b6 $1 {The position is equal.} 9. Na4 Nfd7 10. a3 $146 (10. Qc2 {with more complications.} b5 11. Nc3 Bg4 12. h3 e5 13. dxe5 Be6 14. Nf3) ({Predecessor:} 10. h3 bxc5 11. Nxc5 Nxc5 12. Rxc5 Qb6 13. Qc2 Rc8 14. Nf3 {1-0 (77) Giri,A (2779)-Nepomniachtchi,I (2774) Saint Louis 2019}) 10... bxc5 11. Nxc5 Nxc5 12. Rxc5 Qb6 13. Qc2 $36 {[%mdl 2048] Black is under pressure.} Rc8 ({Black should play} 13... a5 $11) 14. b4 $14 Nd7 {[#]} 15. Ra5 $1 a6 16. Ne2 (16. Bg3 $16) 16... f6 (16... Bg4 $14) 17. Qa4 Bg4 18. f3 (18. Rxa6 Rxa6 19. Qxa6 Qxa6 $15) 18... e5 19. fxg4 {[#] Bg3 is the strong threat.} (19. Rxa6 $6 Rxa6 20. Qxa6 Qxa6 $11) 19... exf4 20. exf4 (20. Rxa6 $6 Rxa6 21. Qxa6 Qc7 $14) 20... Re8 {Threatens to win with ...Qxd4.} 21. O-O Re3 22. Qc2 ({Resist} 22. Rxa6 $6 Rxa6 23. Qxa6 (23. Bxa6 f5 $14) 23... Qxa6 $16) 22... f5 (22... Bf8 $142 23. g3 Bh6) 23. gxf5 $18 Bxd4 (23... gxf5 {was worth a try.} 24. Bxf5 Nf6) 24. Kh1 Bg7 25. fxg6 c5 26. gxh7+ Kh8 27. Bf5 Rae8 28. Ng3 Rxg3 $2 (28... cxb4 29. axb4 (29. Rxd5 Nf6 $18) 29... Qxb4) 29. hxg3 {White is clearly winning.} Qh6+ 30. Bh3 Nf6 31. bxc5 Ne4 32. Kh2 Bd4 33. Qa4 {[%mdl 64] Double Attack. Accuracy: White = 53%, Black = 26%.} 1-0

[Event "HUN-chT Youth 2019"]
[Site "Budapest"]
[Date "2019.10.27"]
[Round "2.13"]
[White "Szarka, Tibor"]
[Black "Markus, Molli Amina"]
[Result "1/2-1/2"]
[WhiteElo "1469"]
[BlackElo "1614"]
[Annotator "NA RC"]
[PlyCount "63"]
[EventDate "2019.10.26"]
[EventType "team-tourn"]
[EventCountry "HUN"]
[SourceTitle "playchess.com"]
[Source "ChessBase"]
[SourceQuality "1"]
[TimeControl "5400+30"]

1. e4 {[%emt 0:00:00]} e6 {[%emt 0:00:05]} 2. d4 {[%emt 0:00:20]} d5 {[%emt 0:00:44]} 3. exd5 {[%emt 0:00:49]} exd5 {[%emt 0:00:20]} 4. Nf3 {[%emt 0:00:43]} Nf6 {[%emt 0:01:08]} 5. Bd3 {[%emt 0:01:07]} Bg4 {[%emt 0:01:48]} 6. h3 {[%emt 0:01:08]} Bh5 {[%emt 0:00:47]} 7. Nbd2 {[%emt 0:01:27]} Bd6 {[%emt 0:01:49]} 8. O-O {[%emt 0:00:29]} O-O {[%emt 0:00:19]} 9. Re1 {[%emt 0:00:58]} Nc6 {[%emt 0:06:24]} 10. c3 {[%emt 0:03:17]} Qd7 {[%emt 0:02:44]} 11. Be2 {[%emt 0:07:56]} Bg6 {[%emt 0:04:54]} 12. Nf1 {[%emt 0:06:46]} Rfe8 {[%emt 0:02:11]} 13. Be3 {[%emt 0:01:44]} Ne4 {[%emt 0:01:20]} 14. Bb5 {[%emt 0:02:20]} a6 {[%emt 0:01:35]} 15. Ba4 {[%emt 0:01:35]} b5 {[%emt 0:03:37]} 16. Bb3 {[%emt 0:01:49]} Ne7 {[%emt 0:01:19]} 17. Nh4 {[%emt 0:05:27]} c6 {[%emt 0:01:57]} 18. Bc2 {[%emt 0:04:41]} Nf5 {[%emt 0:07:56]} 19. Nxg6 {[%emt 0:04:09]} hxg6 {[%emt 0:02:07]} 20. Qg4 {[%emt 0:07:05]} Rad8 {[%emt 0:04:47]} 21. Bf4 {[%emt 0:03:14]} Bxf4 {[%emt 0:03:37]} 22. Qxf4 {[%emt 0:00:25]} Nfd6 {[%emt 0:01:31]} 23. Bxe4 {[%emt 0:01:49]} Nxe4 {[%emt 0:01:25]} 24. f3 {[%emt 0:09:36]} Nd6 {[%emt 0:01:44]} 25. Nd2 {[%emt 0:02:32]} Nb7 {[%emt 0:05:38]} 26. Nb3 {[%emt 0:07:08]} Re7 {[%emt 0:09:20]} 27. Rxe7 {[%emt 0:01:40]} Qxe7 {[%emt 0:00:07]} 28. Kf1 {[%emt 0:00:46]} Re8 {[%emt 0:00:59]} 29. Qd2 {[%emt 0:00:33]} Qd7 {[%emt 0:02:57]} 30. a4 {[%emt 0:02:02]} Qc7 {[%emt 0:03:26]} 31. axb5 {[%emt 0:00:41]} axb5 {[%emt 0:00:07]} 32. Ra7 {[%emt 0:03:00]} 1/2-1/2

[Event "HUN-chT Youth 2019"]
[Site "Budapest"]
[Date "2019.10.27"]
[Round "2.14"]
[White "Ongut, Tamas Gunes"]
[Black "Losonczi, Marcell"]
[Result "1/2-1/2"]
[WhiteElo "2214"]
[BlackElo "2249"]
[Annotator "NA"]
[PlyCount "98"]
[EventDate "2019.10.26"]
[EventType "team-tourn"]
[EventCountry "HUN"]
[SourceTitle "playchess.com"]
[Source "ChessBase"]
[SourceQuality "1"]
[TimeControl "5400+30"]

1. e4 {[%emt 0:00:35]} e5 {[%emt 0:00:00]} 2. Nf3 {[%emt 0:00:04]} Nc6 {[%emt 0:00:00]} 3. Bb5 {[%emt 0:00:05]} a6 {[%emt 0:00:00]} 4. Ba4 {[%emt 0:00:05]} Nf6 {[%emt 0:00:00]} 5. O-O {[%emt 0:00:07]} Nxe4 {[%emt 0:00:00]} 6. d4 {[%emt 0:00:41]} Be7 {[%emt 0:00:01]} 7. Re1 {[%emt 0:00:16]} b5 {[%emt 0:00:07]} 8. Rxe4 {[%emt 0:00:05] C84: Closed Ruy Lopez: Unusual White 6th moves} d5 {[%emt 0:00:06]} 9. Nxe5 {[%emt 0:00:10]} Nxe5 {[%emt 0:00:10]} 10. Rxe5 {[%emt 0:00:04]} bxa4 {[%emt 0:00:09]} 11. Qe2 {[%emt 0:00:03]} c6 {[%emt 0:00:18]} 12. Nc3 {[%emt 0:05:49]} Ra7 {[%emt 0:00:20]} 13. Nxa4 {[%emt 0:06:12]} O-O {[%emt 0:00:28] [#]} 14. Qd3 $146 {[%emt 0:28:07]} ({Predecessor:} 14. Bd2 Bd6 15. f4 Bxe5 16. fxe5 {½-½ (65) Saric,I (2695)-Ragger,M (2687) St Petersburg 2018}) 14... Bd6 {[%emt 0:02:09]} 15. Re1 {[%emt 0:06:59]} Qh4 {[%emt 0:02:07]} 16. h3 {[%emt 0:00:10]} Qh5 {[%emt 0:02:14]} 17. Bd2 {[%emt 0:19:35]} Bf5 {[%emt 0:01:32]} 18. Qc3 {[%emt 0:02:21]} Qg6 {[%emt 0:00:20]} 19. Nc5 {[%emt 0:02:47]} Bxc2 {[%emt 0:14:44]} 20. Rac1 {[%emt 0:01:39]} Bf5 {[%emt 0:01:06]} 21. Qf3 {[%emt 0:01:37]} h5 {[%emt 0:07:01]} 22. Bf4 {[%emt 0:02:42]} Bxc5 {[%emt 0:08:05]} 23. Rxc5 {[%emt 0:00:09]} Be4 {[%emt 0:00:11]} 24. Qg3 {[%emt 0:00:06]} Rb7 {[%emt 0:04:32]} 25. f3 {[%emt 0:06:35]} Qxg3 {[%emt 0:20:52]} 26. Bxg3 {[%emt 0:00:06]} Bd3 {[%emt 0:00:09]} 27. b3 {[%emt 0:02:03]} Rc8 {[%emt 0:00:35]} 28. Rec1 {[%emt 0:04:47]} Re8 {[%emt 0:20:54]} 29. Rxc6 {[%emt 0:00:16]} (29. Rd1 $16 Bf5 30. Rxc6) 29... Re2 {[%emt 0:01:36]} 30. R6c3 {[%emt 0:05:14]} Bf5 {[%emt 0:01:10]} 31. a3 $11 {[%emt 0:00:16]} Rb2 {[%emt 0:02:52]} 32. b4 {[%emt 0:00:18]} Re7 {[%emt 0:00:48]} 33. Re1 {[%emt 0:02:08]} Rxe1+ {[%emt 0:02:25]} 34. Bxe1 {[%emt 0:00:03]} Rc2 {[%emt 0:01:34]} 35. Re3 {[%emt 0:00:42]} Be6 {[%emt 0:04:49]} 36. Kh2 {[%emt 0:01:00]} Kf8 {[%emt 0:01:04]} 37. h4 {[%emt 0:01:25]} Ke7 {[%emt 0:01:14]} 38. Kg3 {[%emt 0:00:26]} Kd6 {[%emt 0:00:35]} 39. Re5 {[%emt 0:01:43]} g6 {[%emt 0:00:22]} 40. Re3 {[%emt 0:00:23]} Kc6 {[%emt 0:00:24]} 41. Rc3+ {[%emt 0:00:58]} Rxc3 {[%emt 0:00:05]} 42. Bxc3 {[%emt 0:00:04]} Kb5 {[%emt 0:00:43]} 43. Kf4 {[%emt 0:00:20]} Kc4 {[%emt 0:00:27]} 44. Bb2 {[%emt 0:00:13]} f6 {[%emt 0:00:59]} 45. g4 {[%emt 0:00:20]} Kb3 {[%emt 0:00:11]} 46. Bc1 {[%emt 0:00:09]} Kc2 {[%emt 0:00:16]} 47. Be3 {[%emt 0:00:33]} Kb3 {[%emt 0:00:05]} 48. gxh5 {[%emt 0:00:36]} gxh5 {[%emt 0:00:07]} 49. Bc1 {[%emt 0:00:41]} Kc2 {[%emt 0:00:06] Ke4} 1/2-1/2

[Event "HUN-chT Youth 2019"]
[Site "Budapest"]
[Date "2019.10.27"]
[Round "2.14"]
[White "Vadkerti, Vince"]
[Black "Vilics, Hanna"]
[Result "1/2-1/2"]
[WhiteElo "1531"]
[BlackElo "1253"]
[Annotator "NA"]
[PlyCount "117"]
[EventDate "2019.10.26"]
[EventType "team-tourn"]
[EventCountry "HUN"]
[SourceTitle "playchess.com"]
[Source "ChessBase"]
[SourceQuality "1"]
[TimeControl "5400+30"]

1. e4 {[%emt 0:00:00]} d5 {[%emt 0:00:00]} 2. exd5 {[%emt 0:00:00]} Qxd5 {[%emt 0:00:00]} 3. Nc3 {[%emt 0:00:00]} Qa5 {[%emt 0:00:00]} 4. d4 {[%emt 0:00:13]} Nf6 {[%emt 0:00:07]} 5. Nf3 {[%emt 0:00:31]} Bf5 {[%emt 0:00:11]} 6. Bc4 {[%emt 0:00:38]} c6 {[%emt 0:00:24]} 7. Bd2 {[%emt 0:00:45]} Qc7 {[%emt 0:00:18]} 8. Ne5 {[%emt 0:04:00]} e6 {[%emt 0:00:33]} 9. g4 {[%emt 0:01:46]} Be4 {[%emt 0:04:25]} 10. f3 {[%emt 0:02:20]} Bd5 {[%emt 0:00:19]} 11. g5 {[%emt 0:04:49]} Nfd7 {[%emt 0:01:03]} 12. Nxd7 {[%emt 0:01:33]} Nxd7 {[%emt 0:00:44]} 13. Nxd5 {[%emt 0:01:11]} cxd5 {[%emt 0:00:57]} 14. Bd3 {[%emt 0:01:02]} Bd6 {[%emt 0:01:24]} 15. Qe2 {[%emt 0:01:28]} Qb6 {[%emt 0:04:26]} 16. Bb5 {[%emt 0:06:10]} Qxd4 {[%emt 0:06:55]} 17. Bxd7+ {[%emt 0:01:35]} Kxd7 {[%emt 0:00:06]} 18. Qb5+ {[%emt 0:01:15]} Kc8 {[%emt 0:00:32]} 19. O-O-O {[%emt 0:01:29]} Qc5 {[%emt 0:03:53]} 20. Qf1 {[%emt 0:03:23]} Kd7 {[%emt 0:01:49]} 21. f4 {[%emt 0:00:54]} Rac8 {[%emt 0:01:36]} 22. Qd3 {[%emt 0:04:56]} Qc4 {[%emt 0:00:46]} 23. Be3 {[%emt 0:04:00]} Bxf4 {[%emt 0:02:55]} 24. Bxf4 {[%emt 0:01:04]} Qxf4+ {[%emt 0:00:06]} 25. Rd2 {[%emt 0:02:13]} Qc4 {[%emt 0:00:40]} 26. Qf3 {[%emt 0:02:28]} Rhf8 {[%emt 0:00:52]} 27. Rhd1 {[%emt 0:04:44]} Rc5 {[%emt 0:02:41]} 28. Qa3 {[%emt 0:03:00]} a6 {[%emt 0:01:13]} 29. c3 {[%emt 0:01:43]} Rfc8 {[%emt 0:02:41]} 30. Rd4 {[%emt 0:01:23]} Qe2 {[%emt 0:01:55]} 31. Qb4 {[%emt 0:06:22]} Rb5 {[%emt 0:04:07]} 32. Qa3 {[%emt 0:03:16]} Rc4 {[%emt 0:02:14]} 33. R1d2 {[%emt 0:03:00]} Qe1+ {[%emt 0:01:29]} 34. Rd1 {[%emt 0:00:46]} Qe3+ {[%emt 0:00:12]} 35. Kb1 {[%emt 0:01:10]} Rxd4 {[%emt 0:04:26]} 36. Rxd4 {[%emt 0:00:22]} Qe1+ {[%emt 0:01:02]} 37. Kc2 {[%emt 0:00:17]} Qe2+ {[%emt 0:00:15]} 38. Kc1 {[%emt 0:01:24]} e5 {[%emt 0:00:52]} 39. Rb4 {[%emt 0:03:36]} Rxb4 {[%emt 0:01:03]} 40. Qxb4 {[%emt 0:00:22]} Qb5 {[%emt 0:00:17]} 41. Qg4+ {[%emt 0:00:28]} Kd6 {[%emt 0:00:45]} 42. Qf5 {[%emt 0:00:47]} Qe2 {[%emt 0:00:52]} 43. Qxf7 {[%emt 0:01:02]} Qe3+ {[%emt 0:01:07]} 44. Kc2 {[%emt 0:00:34]} Qxg5 {[%emt 0:01:27]} 45. Qxb7 {[%emt 0:00:33]} Qg2+ {[%emt 0:00:26]} 46. Kb3 {[%emt 0:00:59]} e4 {[%emt 0:02:42]} 47. Qxa6+ {[%emt 0:00:38]} Ke5 {[%emt 0:00:06]} 48. Qb6 {[%emt 0:01:44]} Qd2 49. Qc7+ {[%emt 0:02:30]} Ke6 {[%emt 0:05:31]} 50. Qc6+ {[%emt 0:00:45]} Kf5 {[%emt 0:02:06]} 51. Qd7+ {[%emt 0:00:36]} Kf6 {[%emt 0:05:01]} 52. Qd6+ {[%emt 0:01:41]} Kf5 {[%emt 0:00:48]} 53. Qf8+ {[%emt 0:01:06]} Kg6 {[%emt 0:00:58]} 54. Qd6+ {[%emt 0:01:05]} Kh5 {[%emt 0:00:21]} 55. Qe5+ {[%emt 0:00:54]} g5 {[%emt 0:00:56]} 56. Qd4 {[%emt 0:01:37]} Qxh2 {[%emt 0:12:48]} 57. Qxd5 {[%emt 0:01:29]} Qf4 {[%emt 0:00:45]} 58. a4 {[%emt 0:01:23]} e3 {[%emt 0:00:22]} 59. Qd1+ {[%emt 0:00:22]} 1/2-1/2

[Event "HUN-chT Youth 2019"]
[Site "Budapest"]
[Date "2019.10.27"]
[Round "2.15"]
[White "Tancsa, Tamas"]
[Black "Juhasz, Agoston"]
[Result "1-0"]
[WhiteElo "2082"]
[BlackElo "2115"]
[Annotator "TA"]
[PlyCount "75"]
[EventDate "2019.10.26"]
[EventType "team-tourn"]
[EventCountry "HUN"]
[SourceTitle "playchess.com"]
[Source "ChessBase"]
[SourceQuality "1"]

{[%evp 13,75,22,89,86,83,77,74,77,61,93,119,-14,138,142,220,-26,8,-18,0,0,240,246,322,229,228,208,427,215,217,185,196,190,202,197,316,307,313,313,672,533,521,516,647,662,810,774,779,768,943,931,873,833,1072,645,675,649,1219,1197,1173,1068,29981,29982,29979,29980]} 1. e4 c5 2. Nf3 e6 3. d4 cxd4 4. Nxd4 Nf6 5. Nc3 d6 6. Be3 Be7 7. g4 h6 (7... d5 $11) 8. Qe2 $1 $16 {B81: Sicilian Scheveningen: Keres Attack} Nc6 9. O-O-O Qc7 10. h4 {White is better.} Nxd4 $146 ({Predecessor:} 10... a6 11. Bg2 h5 12. gxh5 Nxh5 13. Qc4 Bd7 14. Nd5 exd5 15. exd5 Rc8 16. dxc6 bxc6 {1-0 (45) Balogh,C (2595)-Kulkarni,C (2259) Barbera del Valles 2009}) 11. Rxd4 e5 12. Nb5 ({White has to play} 12. Rc4 $1 $16 {[%cal Rc4c7]} Qd8 13. Rg1) 12... Qd7 $2 (12... Qa5 $11 13. Rd1 (13. Nxd6+ Kf8 $17) 13... a6) 13. Rc4 {Hoping for Nc7+.} O-O {[#]} (13... d5 $16 14. Nc7+ {[%mdl 64] Double Attack} Kf8) 14. Nc7 $2 (14. Nxa7 Rxa7 15. Bxa7 d5 $11) (14. g5 $1 $18) 14... b5 15. g5 (15. Nxb5 {keeps more tension.} Nxg4 16. Nc7 Rb8 17. Nd5 Bd8 18. Rg1) 15... bxc4 16. gxf6 Qxc7 $2 {[#]} (16... Bxf6 $11 {and Black stays safe.} 17. Nxa8 Bb7 18. Qxc4 (18. Bh3 Qa4 $17) 18... Rc8) 17. fxg7 $1 $18 c3 18. gxf8=Q+ ({Weaker is} 18. gxf8=R+ Bxf8 19. b3 Qe7 $16) 18... Bxf8 19. Rg1+ Kh7 $2 (19... Kh8) 20. b3 (20. Qf3 $142 {Qg3 would kill now.} cxb2+ 21. Kxb2) 20... Qe7 21. Qf3 Bg7 22. Qg3 $36 {[%csl Gg1][%cal Rg3g7][%mdl 2048] White is really pushing.} Qf6 23. f4 Be6 (23... a5 {is a better defense.} 24. fxe5 dxe5) 24. f5 Bd7 25. Bc4 Rh8 $2 (25... Bc6 26. Qg4 Kg8) 26. Kb1 {Bg5! is the strong threat.} Kg8 27. Bd5 Kf8 28. Bxa7 h5 29. Bf2 Bh6 30. Qxc3 Rg8 31. Rxg8+ Kxg8 32. a4 {[%cal Ba2a4,Ba4a5][%mdl 32]} Qg7 33. Qg3 Qg4 34. a5 {Strongly threatening Qxg4+.} Bb5 35. c4 Ba6 36. b4 {[%cal Bb3b4,Bb4b5][%mdl 32]} Kf8 37. Qxg4 hxg4 38. b5 {Accuracy: White = 51%, Black = 21%.} 1-0

[Event "HUN-chT Youth 2019"]
[Site "Budapest"]
[Date "2019.10.27"]
[Round "2.15"]
[White "Porpaczy, Marton"]
[Black "Puskas, Mihaly"]
[Result "0-1"]
[WhiteElo "1066"]
[BlackElo "1480"]
[Annotator "NA RC"]
[PlyCount "76"]
[EventDate "2019.10.26"]
[EventType "team-tourn"]
[EventCountry "HUN"]
[SourceTitle "playchess.com"]
[Source "ChessBase"]
[SourceQuality "1"]
[TimeControl "5400+30"]

1. e4 {[%emt 0:00:00]} e5 {[%emt 0:00:00]} 2. Nf3 {[%emt 0:00:00]} Nc6 {[%emt 0:00:05]} 3. c3 {[%emt 0:00:00]} Nf6 {[%emt 0:02:44]} 4. d4 {[%emt 0:00:05]} exd4 {[%emt 0:01:57]} 5. e5 {[%emt 0:00:18]} Qe7 {[%emt 0:02:19]} 6. cxd4 {[%emt 0:02:57]} d6 {[%emt 0:06:38]} 7. Bb5 {[%emt 0:08:26]} Bd7 {[%emt 0:00:45]} 8. O-O {[%emt 0:02:07]} Nd5 {[%emt 0:07:48]} 9. Re1 {[%emt 0:05:51]} Be6 {[%emt 0:08:11]} 10. Qc2 {[%emt 0:10:58]} Kd7 {[%emt 0:07:37]} 11. exd6 {[%emt 0:01:54]} cxd6 {[%emt 0:01:11]} 12. Nc3 {[%emt 0:01:27]} Qf6 {[%emt 0:11:58]} 13. Ne4 {[%emt 0:06:21]} Qf5 {[%emt 0:05:14]} 14. Bg5 {[%emt 0:06:02]} a6 {[%emt 0:06:42]} 15. Bxc6+ {[%emt 0:00:55]} bxc6 {[%emt 0:00:27]} 16. Rac1 {[%emt 0:00:37]} Nb4 {[%emt 0:10:22]} 17. Qc3 {[%emt 0:01:55]} Qb5 {[%emt 0:02:19]} 18. a4 {[%emt 0:10:32]} Qxa4 {[%emt 0:02:43]} 19. Ne5+ {[%emt 0:00:23]} dxe5 {[%emt 0:01:13]} 20. dxe5 {[%emt 0:02:42]} Bd5 {[%emt 0:01:28]} 21. Qh3+ {[%emt 0:03:08]} Kc7 {[%emt 0:03:11]} 22. Nc3 {[%emt 0:01:04]} Qa5 {[%emt 0:01:17]} 23. Nxd5+ {[%emt 0:00:23]} Nxd5 {[%emt 0:00:47]} 24. e6 {[%emt 0:01:38]} fxe6 {[%emt 0:01:17]} 25. Rxe6 {[%emt 0:00:42]} Bd6 {[%emt 0:00:59]} 26. Rce1 {[%emt 0:04:11]} Bb4 {[%emt 0:02:30]} 27. Qg3+ {[%emt 0:02:13]} Kb7 {[%emt 0:02:00]} 28. Rc1 {[%emt 0:01:14]} Rac8 {[%emt 0:00:55]} 29. Be3 Qc7 {[%emt 0:04:33]} 30. Qf3 {[%emt 0:06:51]} Rhf8 {[%emt 0:01:47]} 31. Qe2 {[%emt 0:00:30]} Nxe3 {[%emt 0:00:53]} 32. Rxe3 {[%emt 0:00:32]} Qb6 {[%emt 0:01:13]} 33. Rc2 {[%emt 0:01:23]} Bc5 {[%emt 0:00:52]} 34. Rxc5 {[%emt 0:01:14]} Qxc5 {[%emt 0:00:15]} 35. Rb3+ {[%emt 0:00:12]} Ka7 {[%emt 0:00:55]} 36. g3 {[%emt 0:00:40]} Rce8 {[%emt 0:01:02]} 37. Qg4 {[%emt 0:00:46]} Qxf2+ {[%emt 0:00:31]} 38. Kh1 {[%emt 0:00:25]} Qf1# {[%emt 0:00:10]} 0-1

[Event "HUN-chT Youth 2019"]
[Site "Budapest"]
[Date "2019.10.27"]
[Round "2.16"]
[White "Kovacsy, Barnabas"]
[Black "Forgacs, Attila Jr."]
[Result "1/2-1/2"]
[WhiteElo "2093"]
[BlackElo "2104"]
[Annotator "NA"]
[PlyCount "83"]
[EventDate "2019.10.26"]
[EventType "team-tourn"]
[EventCountry "HUN"]
[SourceTitle "playchess.com"]
[Source "ChessBase"]
[SourceQuality "1"]
[TimeControl "5400+30"]

1. e4 {[%emt 0:00:00]} e5 {[%emt 0:00:00]} 2. Nf3 {[%emt 0:00:00]} Nc6 {[%emt 0:00:00]} 3. Bb5 {[%emt 0:00:00]} a6 {[%emt 0:00:00]} 4. Ba4 {[%emt 0:00:00]} Nf6 {[%emt 0:00:00]} 5. O-O {[%emt 0:00:00]} Be7 {[%emt 0:00:08]} 6. d3 {[%emt 0:00:08]} d6 {[%emt 0:01:29]} 7. c3 {[%emt 0:00:13]} O-O {[%emt 0:00:55]} 8. Re1 {[%emt 0:01:13]} Re8 {[%emt 0:01:29]} 9. Nbd2 {[%emt 0:01:12] C84: Closed Ruy Lopez: Unusual White 6th moves} (9. h3 b5 10. Bc2 Bb7 11. Nbd2 Bf8 12. a4 Nb8 13. b4 Nbd7 14. Nb3 Rb8 15. axb5 axb5 16. Ra7 Nb6 {1-0 (46) Nepomniachtchi,I (2773)-Amin,B (2704) Abidjan 2019}) 9... Bf8 {[%emt 0:00:52]} 10. Nf1 {[%emt 0:01:02]} g6 {[%emt 0:03:22]} 11. Ng3 {[%emt 0:02:03]} Bg7 {[%emt 0:01:56]} 12. h3 {[%emt 0:05:15]} b5 {[%emt 0:04:32]} 13. Bc2 {[%emt 0:00:29]} d5 {[%emt 0:04:20]} 14. Bg5 {[%emt 0:09:18]} d4 {[%emt 0:02:38]} 15. cxd4 $146 {[%emt 0:01:05]} ({Predecessor:} 15. Qd2 Qd6 16. cxd4 Nxd4 17. Nxd4 Qxd4 {½-½ (68) Vykouk,J (2423)-Vajda,L (2547) Slovakia 2018}) 15... Nxd4 {[%emt 0:00:38]} 16. Nxd4 {[%emt 0:00:21]} Qxd4 {[%emt 0:00:36]} 17. Qf3 {[%emt 0:05:54]} Qb6 {[%emt 0:07:51]} 18. Be3 {[%emt 0:03:56]} Qd6 {[%emt 0:09:42]} 19. d4 {[%emt 0:04:50]} Bb7 {[%emt 0:02:48]} 20. d5 {[%emt 0:08:40]} c6 {[%emt 0:02:42]} 21. dxc6 {[%emt 0:00:28]} Qxc6 {[%emt 0:00:37]} 22. Rac1 {[%emt 0:01:48]} Rac8 {[%emt 0:03:02]} 23. Red1 {[%emt 0:02:51]} Red8 {[%emt 0:03:39]} 24. Rxd8+ {[%emt 0:01:49]} Rxd8 {[%emt 0:00:08]} 25. Bb3 {[%emt 0:00:36]} Qd7 {[%emt 0:01:49]} 26. Bg5 {[%emt 0:05:45]} Qe7 {[%emt 0:02:18]} 27. Qe3 {[%emt 0:04:45]} Qd6 {[%emt 0:10:40]} 28. Qa7 {[%emt 0:06:09]} Rd7 {[%emt 0:03:16]} 29. Rd1 {[%emt 0:00:28]} Qc7 {[%emt 0:03:33]} 30. Rc1 {[%emt 0:03:09]} Qd6 {[%emt 0:01:22]} 31. Be3 {[%emt 0:04:45]} h6 $14 {[%emt 0:08:21]} 32. Rd1 {[%emt 0:07:44]} Qc7 {[%emt 0:01:13]} 33. Rxd7 {[%emt 0:01:25]} Qxd7 {[%emt 0:00:12]} 34. f3 {[%emt 0:01:09]} Qc8 {[%emt 0:09:30]} 35. Ne2 {[%emt 0:01:28]} Nd7 {[%emt 0:04:30]} 36. Nc3 {[%emt 0:04:34]} Bf8 {[%emt 0:01:37]} 37. Bd5 {[%emt 0:04:01]} Bxd5 {[%emt 0:02:07]} 38. Nxd5 {[%emt 0:00:07]} Bc5 {[%emt 0:01:15]} 39. Bxc5 {[%emt 0:05:39]} Qxc5+ {[%emt 0:00:12]} 40. Qxc5 {[%emt 0:00:04]} Nxc5 {[%emt 0:00:08]} 41. Nc7 {[%emt 0:00:38]} b4 {[%emt 0:02:48]} 42. Kf1 {[%emt 0:01:52]} 1/2-1/2